000 00575nam a2200193Ia 4500
005 20260114185710.0
008 008 260114s9999 xx 000 0 eng d
020 _a9780755699926
037 _aEBOOK
040 _aCRL
_beng
_cCRL
041 _aeng
_2eng
084 _qCRL
100 _aP l Engel
_9873285
245 4 _aThe Realm of St Stephen A History of Medieval Hungary, 895-1526
260 _bBloomsbury
_c2005
856 _uhttps://doi.org/10.5040/9780755699926?locatt=label:secondary_bloomsburyCollections
942 _cEBOOK
999 _c1472233
_d1472233